El normal caos del amor (Record no. 19454)

MARC details
000 -LEADER
campo de control de longitud fija 00972nam a2200289 i 4500
001 - NÚMERO DE CONTROL
campo de control 19454
003 - IDENTIFICADOR DE NÚMERO DE CONTROL
campo de control ES-MaACL
005 - FECHA Y HORA DE LA ÚLTIMA TRANSACCIÓN
campo de control 20250807223640.0
007 - CAMPO FIJO DE DESCRIPCIÓN FÍSICA--INFORMACIÓN GENERAL
campo de control de longitud fija t|
008 - DATOS DE LONGITUD FIJA--INFORMACIÓN GENERAL
campo de control de longitud fija 020829s2001 sp ||||1| spa d
020 ## - NÚMERO INTERNACIONAL ESTÁNDAR DEL LIBRO
Número Internacional Estándar del Libro 84-493-1091-1
080 ## - NÚMERO DE LA CLASIFICACIÓN DECIMAL UNIVERSAL
Número de la Clasificación Decimal Universal 316.472.4-058.837
080 ## - NÚMERO DE LA CLASIFICACIÓN DECIMAL UNIVERSAL
Número de la Clasificación Decimal Universal 392.61
100 1# - ENTRADA PRINCIPAL--NOMBRE DE PERSONA
Nombre de persona Beck, Ulrich.
9 (RLIN) 26929
245 13 - MENCIÓN DEL TÍTULO
Título El normal caos del amor
Resto del título : las nuevas formas de la relación amorosa /
Mención de responsabilidad, etc. Ulrich Beck, Elisabeth Beck-Gernsheim ; prefacio de Lídia Puigvert y Ramón Flecha.
260 ## - PUBLICACIÓN, DISTRIBUCIÓN, ETC.
Lugar de publicación, distribución, etc. Barcelona :
Nombre del editor, distribuidor, etc. Paidós Ibérica,
Fecha de publicación, distribución, etc. [2001]
300 ## - DESCRIPCIÓN FÍSICA
Extensión 292 p. ;
Dimensiones 24 cm.
490 1# - MENCIÓN DE SERIE
Mención de serie Paidós contextos ;
Designación de volumen o secuencia 66
650 #7 - PUNTO DE ACCESO ADICIONAL DE MATERIA--TÉRMINO DE MATERIA
Término de materia o nombre geográfico como elemento de entrada Amor
Fuente del encabezamiento o término embne
9 (RLIN) 9754
650 17 - PUNTO DE ACCESO ADICIONAL DE MATERIA--TÉRMINO DE MATERIA
Término de materia o nombre geográfico como elemento de entrada Relaciones de pareja
Fuente del encabezamiento o término embne
9 (RLIN) 16779
700 1# - ENTRADA AGREGADA--NOMBRE PERSONAL
Nombre de persona Beck-Gernsheim, Elisabeth.
9 (RLIN) 26931
700 1# - ENTRADA AGREGADA--NOMBRE PERSONAL
Nombre de persona Puigvert, Lídia.
9 (RLIN) 94310
700 1# - ENTRADA AGREGADA--NOMBRE PERSONAL
Nombre de persona Flecha, Ramón.
9 (RLIN) 51142
830 0# - PUNTO DE ACCESO ADICIONAL DE SERIE-TÍTULO UNIFORME
Título uniforme Paidós contextos ;
Designación de volumen o secuencia 66
9 (RLIN) 179772
852 ## - LOCALIZACIÓN
Ubicación ES-MaACL
Número de control de estantería L-25889
Sublocalización o colección R.130772
Holdings
Estatus retirado Estado de pérdida Estado de daño No para préstamo Biblioteca de origen Biblioteca actual Ubicación en estantería Fecha de adquisición Fuente de adquisición Total de préstamos Signatura topográfica completa Código de barras Visto por última vez Precio de reemplazo Tipo de ítem Koha
        Biblioteca del Ateneo de Madrid Biblioteca del Ateneo de Madrid Depósito 2 17/01/2008     L-25889 1019904 23/02/2023 23/02/2023 Libro impreso